000
00311nam a22001337a 4500
008
170526b xxu||||| |||| 00| 0 eng d
020
_a
3446131450
041
_a
ger
080
_a
621
100
_a
27
101
_a
IM
245
_a
ENERGIEUMWANDLUNG IN KRAFT-UND ARBEITSMASCHINEN
_c
KALIDE,W
942
_2
udc
_c
BK
999
_c
14494
_d
14494